[Event "Plzen, FSB A"]
[Site "?"]
[Date "2000.??.??"]
[Round "6"]
[White "Sladek, J."]
[Black "Kalista, K."]
[Result "1/2-1/2"]
[WhiteElo "2125"]
[BlackElo "1860"]
[PlyCount "37"]
[EventDate "2000.??.??"]
[Source "ChessBase"]
[SourceDate "1996.11.15"]

1. e4 e6 2. Nf3 d5 3. Nc3 Nf6 4. exd5 exd5 5. d4 Bd6 6. Bg5 c6 7. Bd3 O-O 8.
Ne2 Qa5+ 9. c3 Ne4 10. Bf4 Qc7 11. Bxd6 Qxd6 12. O-O Bg4 13. Ne5 Bxe2 14. Qxe2
f6 15. Nf3 Re8 16. g3 Nd7 17. Qc2 f5 18. Nh4 g6 19. Rae1 1/2-1/2

[Event "Plzen, FSB A"]
[Site "?"]
[Date "2000.??.??"]
[Round "6"]
[White "Priborsky, J."]
[Black "Vymazal, B."]
[Result "1-0"]
[WhiteElo "1940"]
[BlackElo "1830"]
[PlyCount "47"]
[EventDate "2000.??.??"]
[Source "ChessBase"]
[SourceDate "1996.11.15"]

1. e4 c5 2. c3 d5 3. exd5 Qxd5 4. d4 Nc6 5. Nf3 e6 6. Na3 Qd8 7. Nc2 Nf6 8. Bd3
Be7 9. O-O cxd4 10. Ncxd4 Nxd4 11. Nxd4 O-O 12. Re1 Qc7 13. Qf3 Nd5 14. Be3 Bd7
15. Rad1 Bd6 16. Qh5 Nf6 17. Qh4 h6 18. Bxh6 Bxh2+ 19. Kh1 gxh6 20. Qxh6 Qa5
21. Qxh2 Rfd8 22. Re5 Qa4 23. Bc2 Qxa2 24. Qh6 1-0

[Event "Plzen, FSB A"]
[Site "?"]
[Date "2000.??.??"]
[Round "6"]
[White "Hampek, M."]
[Black "Pfiender, H."]
[Result "0-1"]
[WhiteElo "1835"]
[BlackElo "1905"]
[PlyCount "80"]
[EventDate "2000.??.??"]
[Source "ChessBase"]
[SourceDate "1996.11.15"]

1. d4 d5 2. c4 e5 3. dxe5 d4 4. Nf3 Nc6 5. g3 Bg4 6. Bg2 Qd7 7. O-O O-O-O 8.
Bg5 Be7 9. Bxe7 Ngxe7 10. Qb3 Bh3 11. Rd1 Bxg2 12. Kxg2 Ng6 13. Nc3 Qg4 14. Nd5
Rhe8 15. Qa3 Ngxe5 16. Rac1 Kb8 17. b4 d3 18. Ne3 Qe4 19. b5 dxe2 20. Rxd8+
Nxd8 21. Nc2 Nd3 22. Nce1 Nxc1 23. Qxc1 Ne6 24. Kg1 Rd8 25. Nd2 Qf5 26. Qc3 Qh3
27. Ng2 Nd4 28. Qd3 Qxg2+ 29. Kxg2 e1=N+ 30. Kh3 Nxd3 31. b6 axb6 32. f4 Nc1
33. a3 Nc2 34. Ne4 Nxa3 35. Nc3 Nxc4 36. Ne4 f5 37. Ng5 h6 38. Nf7 Rf8 39. Ne5
Nxe5 40. fxe5 Kc8 0-1

[Event "Plzen, FSB A"]
[Site "?"]
[Date "2000.??.??"]
[Round "6"]
[White "Geiger, L."]
[Black "Marous, R."]
[Result "0-1"]
[WhiteElo "1900"]
[BlackElo "1815"]
[PlyCount "60"]
[EventDate "2000.??.??"]
[Source "ChessBase"]
[SourceDate "1996.11.15"]

1. e4 c5 2. Nf3 d6 3. d4 cxd4 4. Nxd4 Nf6 5. Nc3 g6 6. Be2 Bg7 7. O-O Nc6 8.
Be3 O-O 9. Kh1 d5 10. exd5 Nxd5 11. Nxd5 Qxd5 12. Bf3 Qa5 13. Nxc6 bxc6 14. c3
Rb8 15. Bc1 Ba6 16. Be2 Rfd8 17. Qc2 Rd7 18. Re1 Rbd8 19. Be3 Bd3 20. Bxd3 Rxd3
21. h3 e5 22. Rad1 e4 23. Rxd3 exd3 24. Qb3 Qh5 25. Qd1 d2 26. Rf1 Qb5 27. Bxa7
Qxf1+ 28. Qxf1 d1=Q 29. Qxd1 Rxd1+ 30. Kh2 Rd2 0-1

[Event "Plzen, FSB A"]
[Site "?"]
[Date "2000.??.??"]
[Round "6"]
[White "Barton, O."]
[Black "Grosse_Honebrink, B."]
[Result "0-1"]
[WhiteElo "1940"]
[BlackElo "2005"]
[PlyCount "110"]
[EventDate "2000.??.??"]
[Source "ChessBase"]
[SourceDate "1996.11.15"]

1. e4 e5 2. Nf3 Nc6 3. Bc4 Bc5 4. c3 Nf6 5. d4 exd4 6. e5 Ng4 7. cxd4 Bb4+ 8.
Nc3 d5 9. Bd3 h5 10. O-O Be6 11. a3 Be7 12. Qb3 Na5 13. Qa4+ c6 14. Nd2 Kf8 15.
f4 b5 16. Qd1 Ne3 17. Qe2 Nxf1 18. Nxf1 g6 19. Ng3 Nb3 20. Rb1 Nxd4 21. Qf2 Nf5
22. Nxf5 Bxf5 23. Bxf5 gxf5 24. Be3 a5 25. Ne2 Qd7 26. Rc1 Rc8 27. Bb6 a4 28.
Bc5 Bxc5 29. Qxc5+ Qe7 30. Nd4 Qxc5 31. Rxc5 Ke7 32. Nxf5+ Kd7 33. Nd4 Rhe8 34.
Kf2 f6 35. e6+ Kd6 36. Rc2 Rxe6 37. Nxe6 Kxe6 38. Re2+ Kd6 39. f5 Kc5 40. Re6
Rf8 41. Ke3 d4+ 42. Ke4 h4 43. g3 hxg3 44. hxg3 Rg8 45. Rxf6 Rxg3 46. Rg6 Re3+
47. Kf4 Re8 48. f6 Kd5 49. f7 Rf8 50. Rf6 c5 51. Rf5+ Kc4 52. Ke4 b4 53. Rf3
bxa3 54. bxa3 d3 55. Rf1 d2 0-1

[Event "Plzen, FSB A"]
[Site "?"]
[Date "2000.??.??"]
[Round "7"]
[White "Vavra, P."]
[Black "Glienke, M."]
[Result "1-0"]
[WhiteElo "2390"]
[BlackElo "2345"]
[PlyCount "85"]
[EventDate "2000.??.??"]
[Source "ChessBase"]
[SourceDate "1996.11.15"]

1. e4 c5 2. Nc3 Nc6 3. Nf3 g6 4. d4 cxd4 5. Nxd4 Bg7 6. Nb3 Nf6 7. Be2 O-O 8.
O-O d6 9. Bg5 a5 10. a4 Be6 11. Kh1 Rc8 12. f4 Nb4 13. Nd4 Bc4 14. Ndb5 d5 15.
Bxc4 Rxc4 16. Bxf6 Bxf6 17. exd5 Rc5 18. Qd2 Nxd5 19. Rad1 e6 20. Ne4 Rc6 21.
b3 Be7 22. c4 Nf6 23. Nxf6+ Bxf6 24. Qxd8 Rxd8 25. Rxd8+ Bxd8 26. Rd1 Bb6 27.
Rd7 Be3 28. g3 b6 29. Nd6 f6 30. Nf7 e5 31. fxe5 fxe5 32. Nxe5 Re6 33. Nd3 g5
34. h3 h6 35. Kg2 Rf6 36. Re7 Bd4 37. h4 gxh4 38. gxh4 Rd6 39. Re4 Bf6 40. Nf2
Kf7 41. Rf4 Rd2 42. Kf3 Kg7 43. Ne4 1-0

[Event "Plzen, FSB A"]
[Site "?"]
[Date "2000.??.??"]
[Round "7"]
[White "Konopka, M."]
[Black "Gross, S."]
[Result "1-0"]
[WhiteElo "2450"]
[BlackElo "2355"]
[PlyCount "81"]
[EventDate "2000.??.??"]
[Source "ChessBase"]
[SourceDate "1996.11.15"]

1. Nf3 g6 2. c4 c5 3. Nc3 Bg7 4. g3 Nc6 5. Bg2 e5 6. O-O Nge7 7. d3 O-O 8. a3
a5 9. Rb1 d6 10. Ne1 Be6 11. Nd5 Rb8 12. Nc2 b5 13. Bg5 f6 14. Bd2 b4 15. axb4
axb4 16. Ra1 Bf7 17. Ra6 Nxd5 18. cxd5 Ne7 19. Ne3 Ra8 20. Qa4 f5 21. Nc4 Bxd5
22. Bxd5+ Nxd5 23. Nxd6 Rxa6 24. Qxa6 Rf6 25. e4 Rxd6 26. Qc4 Kh8 27. exd5 Rxd5
28. Be3 Qd6 29. Ra1 h6 30. Ra6 Qd7 31. Bxc5 e4 32. Ra8+ Kh7 33. d4 f4 34. Ra7
Qf5 35. Bf8 Rd7 36. Rxd7 Qxd7 37. Bxg7 Kxg7 38. d5 e3 39. Qd4+ Kh7 40. fxe3
fxe3 41. d6 1-0

[Event "Plzen, FSB A"]
[Site "?"]
[Date "2000.??.??"]
[Round "7"]
[White "Votava, J."]
[Black "Vokac, M."]
[Result "1/2-1/2"]
[WhiteElo "2505"]
[BlackElo "2520"]
[PlyCount "70"]
[EventDate "2000.??.??"]
[Source "ChessBase"]
[SourceDate "1996.11.15"]

1. e4 c5 2. Nf3 Nc6 3. d4 cxd4 4. Nxd4 Qb6 5. Nb3 Nf6 6. Nc3 e6 7. Bd3 Be7 8.
O-O O-O 9. Be3 Qc7 10. Nb5 Qb8 11. c4 Ne5 12. Be2 Ng6 13. Nc3 b6 14. f4 d6 15.
Nd4 Qb7 16. Qe1 Re8 17. e5 dxe5 18. fxe5 Nxe5 19. Qg3 Ng6 20. Bf3 Qb8 21. Bxa8
Qxa8 22. Ndb5 Rf8 23. Rad1 Bb7 24. Nd6 Bc6 25. b4 Qb8 26. c5 bxc5 27. Bxc5 Nd7
28. Nde4 Nxc5 29. bxc5 f5 30. Nd6 Bf6 31. Qe3 Be5 32. Ne2 Bd5 33. Rxd5 exd5 34.
Qd3 Ne7 35. Nxf5 Nxf5 1/2-1/2

[Event "Plzen, FSB A"]
[Site "?"]
[Date "2000.??.??"]
[Round "7"]
[White "Cvek, R."]
[Black "Michalek, J."]
[Result "1/2-1/2"]
[WhiteElo "2405"]
[BlackElo "2320"]
[PlyCount "35"]
[EventDate "2000.??.??"]
[Source "ChessBase"]
[SourceDate "1996.11.15"]

1. c4 e5 2. Nc3 Nf6 3. e3 Nc6 4. a3 d5 5. cxd5 Nxd5 6. Qc2 Nxc3 7. Qxc3 Bd6 8.
b4 O-O 9. Bb2 Qe7 10. Nf3 Re8 11. b5 Nd8 12. d4 exd4 13. Nxd4 Be5 14. Bc4 c5
15. bxc6 Nxc6 16. O-O Qc7 17. f4 Bf6 18. Bd5 1/2-1/2

[Event "Plzen, FSB A"]
[Site "?"]
[Date "2000.??.??"]
[Round "7"]
[White "Cernousek, L."]
[Black "Lechtynsky, J."]
[Result "0-1"]
[WhiteElo "2255"]
[BlackElo "2405"]
[PlyCount "64"]
[EventDate "2000.??.??"]
[Source "ChessBase"]
[SourceDate "1996.11.15"]

1. e4 c6 2. d4 d5 3. exd5 cxd5 4. c4 Nf6 5. Nc3 e6 6. Nf3 Be7 7. cxd5 Nxd5 8.
Bd3 Nc6 9. a3 O-O 10. O-O Bf6 11. Bc2 g6 12. Re1 Nce7 13. Ne4 Bg7 14. h4 Nf5
15. h5 Qb6 16. Bg5 Nxd4 17. h6 Bh8 18. Nxd4 Bxd4 19. Qf3 f6 20. Bh4 Bd7 21.
Rad1 Rad8 22. Qg3 Be5 23. Nxf6+ Bxf6 24. Bxg6 Qc7 25. Bxh7+ Kxh7 26. Qd3+ Kh8
27. Rc1 Qf4 28. Rc4 Qf5 29. Qg3 Rg8 30. Bxf6+ Nxf6 31. Qh4 Bc6 32. g3 Qf3 0-1

[Event "Plzen, FSB A"]
[Site "?"]
[Date "2000.??.??"]
[Round "7"]
[White "Freisler, P."]
[Black "Hrbolka sr., L."]
[Result "1-0"]
[WhiteElo "2360"]
[BlackElo "2205"]
[PlyCount "81"]
[EventDate "2000.??.??"]
[Source "ChessBase"]
[SourceDate "1996.11.15"]

1. Nf3 Nf6 2. c4 g6 3. b3 Bg7 4. Bb2 O-O 5. g3 d6 6. d4 c5 7. Bg2 Nc6 8. d5 Na5
9. O-O a6 10. Nbd2 b5 11. e4 Rb8 12. Bc3 e5 13. Ne1 Nh5 14. f4 exf4 15. Bxg7
Kxg7 16. gxf4 Qf6 17. e5 dxe5 18. Ne4 Qe7 19. Qd2 Nb7 20. Qc3 Re8 21. Nd3 f6
22. fxe5 fxe5 23. cxb5 axb5 24. Ndxc5 Nd6 25. Ne6+ Kg8 26. Qxe5 Nxe4 27. Bxe4
Qc5+ 28. Nxc5 Rxe5 29. b4 Bh3 30. Rf3 Bg4 31. Rf2 Rbe8 32. Bg2 Re1+ 33. Rxe1
Rxe1+ 34. Rf1 Re2 35. Bf3 Bxf3 36. Rxf3 Rxa2 37. d6 Rd2 38. d7 Ng7 39. Ra3 Kf8
40. Ra8+ Ke7 41. Rg8 1-0

[Event "Plzen, FSB A"]
[Site "?"]
[Date "2000.??.??"]
[Round "7"]
[White "Mikuev, E."]
[Black "Dolezal jr., R."]
[Result "1/2-1/2"]
[WhiteElo "2225"]
[BlackElo "2355"]
[PlyCount "86"]
[EventDate "2000.??.??"]
[Source "ChessBase"]
[SourceDate "1996.11.15"]

1. e4 e5 2. Nf3 Nc6 3. Bb5 a6 4. Bxc6 dxc6 5. O-O f6 6. d4 exd4 7. Nxd4 c5 8.
Nb3 Qxd1 9. Rxd1 Bd6 10. Na5 b6 11. Nc4 Be7 12. Bf4 Be6 13. Ne3 Bd8 14. Nc3 Ne7
15. Rd2 Ng6 16. Bg3 Ne5 17. Ncd5 Rc8 18. Rad1 O-O 19. h3 Re8 20. b3 Kf8 21. f3
Bf7 22. Nf5 Be6 23. Kf2 Nc6 24. c3 Ne5 25. Nfe3 Bf7 26. Bh2 c6 27. Nf4 g6 28.
Nd3 Bc7 29. Nxe5 fxe5 30. Bg3 h5 31. Bh4 b5 32. c4 Be6 33. Rc2 Bb8 34. Ke2 Kf7
35. Bg5 Rh8 36. h4 Rhe8 37. Rcd2 Kg7 38. Rd8 Rexd8 39. Rxd8 Rxd8 40. Bxd8 Bd6
41. Bg5 Kf7 42. g3 Bf8 43. Kd3 Bd6 1/2-1/2

[Event "Plzen, FSB A"]
[Site "?"]
[Date "2000.??.??"]
[Round "7"]
[White "Mirumian, V."]
[Black "Spal, M."]
[Result "1/2-1/2"]
[WhiteElo "2555"]
[BlackElo "2235"]
[PlyCount "86"]
[EventDate "2000.??.??"]
[Source "ChessBase"]
[SourceDate "1996.11.15"]

1. c4 f5 2. Nc3 Nf6 3. g3 g6 4. Bg2 Bg7 5. d3 d6 6. e4 fxe4 7. dxe4 Nc6 8. Nge2
O-O 9. O-O Kh8 10. h3 Be6 11. b3 Bg8 12. Be3 Nd7 13. f4 e6 14. Qd2 Qe7 15. Rad1
Rad8 16. g4 Nc5 17. g5 a5 18. Ng3 a4 19. Rb1 axb3 20. axb3 Ra8 21. Nb5 Rfd8 22.
Rfe1 Ra6 23. b4 Na4 24. h4 Nb6 25. Rbc1 Rda8 26. c5 Ra2 27. cxd6 Qd7 28. Rc2
Rxc2 29. Qxc2 Nxb4 30. Qxc7 Qxb5 31. Qxb6 Qa4 32. Bd4 e5 33. Bxe5 Bxe5 34. fxe5
Nd3 35. Rf1 Nxe5 36. Qxb7 Qd4+ 37. Kh1 Ra2 38. Qe7 Ng4 39. d7 Qb2 40. Rg1 Nf2+
41. Kh2 Ng4+ 42. Kh3 Nf2+ 43. Kh2 Ng4+ 1/2-1/2

[Event "Plzen, FSB A"]
[Site "?"]
[Date "2000.??.??"]
[Round "7"]
[White "Volosin, L."]
[Black "Trmota, Z."]
[Result "1-0"]
[WhiteElo "2455"]
[BlackElo "2240"]
[PlyCount "79"]
[EventDate "2000.??.??"]
[Source "ChessBase"]
[SourceDate "1996.11.15"]

1. d4 d5 2. Nf3 c6 3. c4 e6 4. g3 f5 5. Bg2 Nf6 6. O-O Be7 7. b3 O-O 8. Qc2 Bd7
9. Ba3 Bxa3 10. Nxa3 Be8 11. Rac1 f4 12. Nb1 Nh5 13. Qd2 g5 14. Qb4 Rf7 15. Ne5
Qe7 16. Qxe7 Rxe7 17. Nd2 Nd7 18. Nxd7 Rxd7 19. Nf3 Rg7 20. Ne5 Rd8 21. e3 Nf6
22. Rfe1 fxg3 23. hxg3 g4 24. b4 a6 25. a4 Bg6 26. c5 Be4 27. Ra1 Bxg2 28. Kxg2
Nd7 29. Nd3 Re7 30. b5 e5 31. bxc6 bxc6 32. Rab1 exd4 33. exd4 Rxe1 34. Rxe1
Kf7 35. Rb1 Ke6 36. Rb7 h5 37. Rc7 Nb8 38. Nb4 a5 39. Nxc6 Na6 40. Nxd8+ 1-0

[Event "Plzen, FSB A"]
[Site "?"]
[Date "2000.??.??"]
[Round "7"]
[White "Hadraba, V."]
[Black "Zvara, P."]
[Result "1/2-1/2"]
[WhiteElo "2240"]
[BlackElo "2360"]
[PlyCount "92"]
[EventDate "2000.??.??"]
[Source "ChessBase"]
[SourceDate "1996.11.15"]

1. e4 c5 2. Nc3 e6 3. Nf3 Nc6 4. d4 cxd4 5. Nxd4 a6 6. Nxc6 bxc6 7. Bd3 d5 8.
O-O Nf6 9. Kh1 Be7 10. f4 O-O 11. Qf3 Bb7 12. b3 c5 13. Bb2 d4 14. Ne2 Qb6 15.
c4 a5 16. Rab1 Qc6 17. Ng3 a4 18. Qe2 axb3 19. axb3 Nd7 20. e5 Qc7 21. Ne4 Ra2
22. Qh5 g6 23. Qh6 Rb8 24. Rf3 Bf8 25. Qh3 Bg7 26. Rg3 Qa5 27. b4 Qxb4 28. Bxd4
Qa5 29. Bg1 Qa8 30. Re1 Bc6 31. Ng5 Nf8 32. Bxc5 Rbb2 33. Bf1 Ra1 34. Rge3 Rf2
35. Kg1 Rxf4 36. Bxf8 Kxf8 37. Nxh7+ Kg8 38. Ng5 Qa7 39. c5 Rxe1 40. Rxe1 Qxc5+
41. Qe3 Qxe3+ 42. Rxe3 Rf5 43. Nf3 Bxf3 44. Rxf3 Rxe5 45. Rd3 Bf8 46. Rd2 Kg7
1/2-1/2

[Event "Plzen, FSB A"]
[Site "?"]
[Date "2000.??.??"]
[Round "7"]
[White "Neuman, P."]
[Black "Kuklin, V."]
[Result "1/2-1/2"]
[WhiteElo "2330"]
[BlackElo "2170"]
[PlyCount "29"]
[EventDate "2000.??.??"]
[Source "ChessBase"]
[SourceDate "1996.11.15"]

1. d4 Nf6 2. c4 c5 3. d5 d6 4. Nc3 g6 5. e4 Bg7 6. Nf3 O-O 7. Bg5 e6 8. dxe6
Bxe6 9. h3 Nc6 10. Bd3 Qb6 11. O-O Qxb2 12. Na4 Qb4 13. Bd2 Qa3 14. Bc1 Qb4 15.
Bd2 1/2-1/2

[Event "Plzen, FSB A"]
[Site "?"]
[Date "2000.??.??"]
[Round "7"]
[White "Novak, P."]
[Black "Vyskocil, N."]
[Result "1/2-1/2"]
[WhiteElo "2235"]
[BlackElo "2330"]
[PlyCount "63"]
[EventDate "2000.??.??"]
[Source "ChessBase"]
[SourceDate "1996.11.15"]

1. e4 c5 2. Nf3 e6 3. c3 d5 4. exd5 exd5 5. d4 a6 6. Be3 cxd4 7. Nxd4 Bd6 8.
Bd3 Ne7 9. Nd2 Nbc6 10. N2f3 Bg4 11. Qa4 Bd7 12. Nxc6 bxc6 13. O-O c5 14. Qh4
Nf5 15. Qxd8+ Kxd8 16. Bxf5 Bxf5 17. Rad1 Be6 18. Ng5 h6 19. Ne4 dxe4 20. Rxd6+
Kc7 21. Bxc5 Bxa2 22. Ra1 Bc4 23. Ra4 Bd3 24. Rad4 Bb5 25. Rxe4 Rhe8 26. f3
Rxe4 27. fxe4 Re8 28. Rd4 f6 29. Kf2 Bc6 30. Bd6+ Kc8 31. Rc4 Kd7 32. Bf4
1/2-1/2

[Event "Plzen, FSB A"]
[Site "?"]
[Date "2000.??.??"]
[Round "7"]
[White "Fiala, R."]
[Black "Menacher, M."]
[Result "1/2-1/2"]
[WhiteElo "2235"]
[BlackElo "2315"]
[PlyCount "76"]
[EventDate "2000.??.??"]
[Source "ChessBase"]
[SourceDate "1996.11.15"]

1. e4 c5 2. Nf3 Nc6 3. d4 cxd4 4. Nxd4 Nf6 5. Nc3 e5 6. Ndb5 d6 7. Bg5 a6 8.
Na3 b5 9. Nd5 Be7 10. Bxf6 Bxf6 11. c3 O-O 12. Be2 Bg5 13. Nc2 Bb7 14. O-O g6
15. a4 bxa4 16. Rxa4 a5 17. Bc4 Nb8 18. Qe2 Nd7 19. Rfa1 Kh8 20. b4 axb4 21.
Rxa8 Bxa8 22. cxb4 f5 23. exf5 gxf5 24. Ra7 Nf6 25. Nc7 Be4 26. Ne6 Qb8 27. Ra4
Rg8 28. Nxg5 Rxg5 29. f3 Qb6+ 30. Kf1 Bb7 31. Qe3 Qxe3 32. Nxe3 f4 33. Ra7 fxe3
34. Rxb7 d5 35. Bb3 Nh5 36. Bxd5 e2+ 37. Kxe2 Rxg2+ 38. Ke1 Nf4 1/2-1/2

[Event "Plzen, FSB A"]
[Site "?"]
[Date "2000.??.??"]
[Round "7"]
[White "Jirka, J."]
[Black "Schauer, J."]
[Result "1-0"]
[WhiteElo "2300"]
[BlackElo "2140"]
[PlyCount "89"]
[EventDate "2000.??.??"]
[Source "ChessBase"]
[SourceDate "1996.11.15"]

1. d4 Nf6 2. c4 g6 3. g3 Bg7 4. Bg2 O-O 5. Nc3 d6 6. Nf3 Nbd7 7. O-O c6 8. e4
e5 9. h3 a6 10. Be3 b5 11. c5 b4 12. Na4 Nxe4 13. cxd6 Nxd6 14. Nxe5 Nxe5 15.
dxe5 Nc4 16. Bc5 Re8 17. f4 Qa5 18. Rc1 Be6 19. Bxc6 Red8 20. Qe1 Rab8 21. b3
Bxh3 22. Rxc4 Bxf1 23. Kxf1 Bf8 24. Ba7 Rb5 25. Bxb5 axb5 26. Bb6 Qa8 27. Bxd8
Qxd8 28. Rc2 bxa4 29. bxa4 Qd3+ 30. Re2 Bc5 31. Kg2 Qd5+ 32. Kh2 Qf3 33. Rc2
Be3 34. Qe2 Qe4 35. Qg2 Qf5 36. a5 Qh5+ 37. Qh3 Qd1 38. Rg2 Qd8 39. a6 Qa8 40.
Re2 Bd4 41. Rd2 Bc5 42. Rc2 Qxa6 43. Rxc5 Qxa2+ 44. Qg2 Qe6 45. Qd5 1-0

[Event "Plzen, FSB A"]
[Site "?"]
[Date "2000.??.??"]
[Round "7"]
[White "Folk, P."]
[Black "Balin, J."]
[Result "1-0"]
[WhiteElo "2260"]
[BlackElo "2070"]
[PlyCount "81"]
[EventDate "2000.??.??"]
[Source "ChessBase"]
[SourceDate "1996.11.15"]

1. e4 e6 2. d4 d5 3. Nc3 dxe4 4. Nxe4 Nd7 5. Nf3 Ngf6 6. Nxf6+ Nxf6 7. Bd3 Be7
8. Qe2 O-O 9. Bg5 c5 10. dxc5 Qa5+ 11. c3 Qxc5 12. O-O g6 13. Rfe1 Bd7 14. Ne5
Bc6 15. Nxc6 Qxc6 16. c4 Rfd8 17. Rac1 Qc7 18. g3 Qa5 19. h4 Rd7 20. a3 Rad8
21. Bb1 Kg7 22. Qf3 Qb6 23. b4 Qd4 24. Kg2 h5 25. Bf4 a6 26. Bc2 Ng4 27. Ba4 b5
28. cxb5 axb5 29. Bxb5 Ra7 30. Red1 Qf6 31. Rxd8 Bxd8 32. a4 e5 33. Bg5 Qxf3+
34. Kxf3 Bb6 35. Rc2 e4+ 36. Kxe4 Nxf2+ 37. Kf3 Ng4 38. Bf4 Re7 39. Re2 Ra7 40.
Rd2 f6 41. a5 1-0

[Event "Plzen, FSB A"]
[Site "?"]
[Date "2000.??.??"]
[Round "7"]
[White "Ionescu, A."]
[Black "Brasser, P."]
[Result "1-0"]
[WhiteElo "2255"]
[BlackElo "1960"]
[PlyCount "43"]
[EventDate "2000.??.??"]
[Source "ChessBase"]
[SourceDate "1996.11.15"]

1. e4 c5 2. d3 Nc6 3. f4 e6 4. g3 g6 5. Bg2 Bg7 6. Nf3 Nge7 7. O-O O-O 8. c3 d5
9. e5 d4 10. c4 f6 11. exf6 Bxf6 12. Nbd2 Bg7 13. Ne4 b6 14. Qe2 Qc7 15. Ne5
Nxe5 16. fxe5 Rxf1+ 17. Qxf1 Nc6 18. Nf6+ Kh8 19. Ne8 Qd7 20. Nxg7 Bb7 21. Bh6
Nxe5 22. Nxe6 1-0

[Event "Plzen, FSB A"]
[Site "?"]
[Date "2000.??.??"]
[Round "7"]
[White "Brousek, J."]
[Black "Gross, D."]
[Result "0-1"]
[WhiteElo "2050"]
[BlackElo "2465"]
[PlyCount "68"]
[EventDate "2000.??.??"]
[Source "ChessBase"]
[SourceDate "1996.11.15"]

1. d4 Nf6 2. Nf3 g6 3. Bg5 Bg7 4. Nbd2 d6 5. e4 O-O 6. c3 Nbd7 7. Qc2 c6 8. Be2
Qc7 9. a4 Re8 10. O-O e5 11. dxe5 dxe5 12. Rfe1 h6 13. Bh4 Nh5 14. Bg3 Nf8 15.
Nc4 Nxg3 16. hxg3 Be6 17. Nfd2 Nh7 18. Ne3 h5 19. Ndc4 Bf6 20. Rad1 h4 21. gxh4
Bxh4 22. Bg4 Nf6 23. Bxe6 Rxe6 24. g3 Bg5 25. a5 Kg7 26. b4 b5 27. axb6 axb6
28. Ra1 Rxa1 29. Rxa1 b5 30. Nb2 Bxe3 31. fxe3 c5 32. bxc5 Qxc5 33. Re1 Qc6 34.
Kh2 Nxe4 0-1

[Event "Plzen, FSB A"]
[Site "?"]
[Date "2000.??.??"]
[Round "7"]
[White "Steppuhn, T."]
[Black "Kulhanek, T."]
[Result "0-1"]
[WhiteElo "2160"]
[BlackElo "2350"]
[PlyCount "48"]
[EventDate "2000.??.??"]
[Source "ChessBase"]
[SourceDate "1996.11.15"]

1. d4 Nf6 2. Nf3 e6 3. e3 b6 4. Bd3 Bb7 5. Nbd2 c5 6. O-O d6 7. Qe2 Nbd7 8. c3
Qc7 9. e4 e5 10. dxe5 dxe5 11. Nh4 g6 12. f4 exf4 13. Ndf3 Nh5 14. e5 O-O-O 15.
Bc4 Bg7 16. Bxf7 Nxe5 17. Nxe5 Bxe5 18. Bxg6 hxg6 19. Nxg6 Rde8 20. Qg4+ Kb8
21. Nxh8 Rxh8 22. Re1 f3 23. g3 Nf6 24. Qf5 Bxg3 0-1

[Event "Plzen, FSB A"]
[Site "?"]
[Date "2000.??.??"]
[Round "7"]
[White "Gross, G."]
[Black "Ungr, D."]
[Result "1-0"]
[WhiteElo "2350"]
[BlackElo "2155"]
[PlyCount "73"]
[EventDate "2000.??.??"]
[Source "ChessBase"]
[SourceDate "1996.11.15"]

1. d4 Nf6 2. Nf3 g6 3. g3 Bg7 4. Bg2 d5 5. O-O O-O 6. c4 c6 7. cxd5 cxd5 8. Nc3
Bf5 9. Ne5 Ne4 10. Nxe4 Bxe4 11. f3 Bf5 12. Be3 Nd7 13. f4 Nf6 14. Qb3 Qb6 15.
Rfc1 Rac8 16. Rc5 Rxc5 17. dxc5 Qa6 18. Rc1 Be6 19. Qd3 Qxa2 20. Qb5 d4 21.
Bxd4 Bd5 22. c6 a6 23. Bxd5 Nxd5 24. Qxb7 Qa4 25. e3 Qb5 26. Qxb5 axb5 27. e4
Nc7 28. Kf2 Rc8 29. Ke3 Ne6 30. Nf3 Nxd4 31. Nxd4 Kf8 32. e5 e6 33. Nxb5 Ke7
34. c7 Kd7 35. Nd6 Rxc7 36. Rxc7+ Kxc7 37. Ne8+ 1-0

[Event "Plzen, FSB A"]
[Site "?"]
[Date "2000.??.??"]
[Round "7"]
[White "Namyslo, H."]
[Black "Vyhnalek, B."]
[Result "1-0"]
[WhiteElo "2325"]
[BlackElo "2155"]
[PlyCount "53"]
[EventDate "2000.??.??"]
[Source "ChessBase"]
[SourceDate "1996.11.15"]

1. e4 d5 2. exd5 Nf6 3. c4 e6 4. d4 exd5 5. Nf3 Be7 6. Bd3 O-O 7. O-O dxc4 8.
Bxc4 c6 9. Be3 Nbd7 10. Nbd2 Nb6 11. Bd3 Nbd5 12. Ne5 Be6 13. a3 Qb6 14. Ndc4
Qc7 15. Bg5 Rad8 16. Qc2 h6 17. Bd2 Nb6 18. Nxb6 Qxb6 19. Bc3 Nd5 20. Rfe1 Bf6
21. g3 Nxc3 22. bxc3 c5 23. Qe2 cxd4 24. Qe4 Rfe8 25. Rab1 Qd6 26. Qh7+ Kf8 27.
Rxb7 1-0

[Event "Plzen, FSB A"]
[Site "?"]
[Date "2000.??.??"]
[Round "7"]
[White "Kolago, M."]
[Black "Bujnoch, R."]
[Result "1-0"]
[WhiteElo "2270"]
[BlackElo "2100"]
[PlyCount "65"]
[EventDate "2000.??.??"]
[Source "ChessBase"]
[SourceDate "1996.11.15"]

1. e4 c5 2. Nf3 d6 3. d4 cxd4 4. Nxd4 Nf6 5. Nc3 a6 6. g3 e6 7. Bg2 Be7 8. O-O
O-O 9. Be3 Qc7 10. a4 Bd7 11. h3 Nc6 12. Nde2 Ne5 13. b3 Bc6 14. a5 Ned7 15.
Nd4 Rac8 16. Ra2 g6 17. Re1 d5 18. Bh6 Rfe8 19. exd5 Bxd5 20. Nxd5 Nxd5 21. c4
Nb4 22. Ra4 b5 23. cxb5 Bc5 24. Be3 Bxd4 25. Bxd4 Nc2 26. b6 Qd6 27. b7 Rc7 28.
Bb6 Qxd1 29. Rxd1 Nxb6 30. axb6 Rce7 31. Rxa6 Rf8 32. Ra8 Ree8 33. Rc1 1-0

[Event "Plzen, FSB A"]
[Site "?"]
[Date "2000.??.??"]
[Round "7"]
[White "Burdova, K."]
[Black "Korenova, M."]
[Result "1/2-1/2"]
[WhiteElo "2130"]
[BlackElo "2265"]
[PlyCount "27"]
[EventDate "2000.??.??"]
[Source "ChessBase"]
[SourceDate "1996.11.15"]

1. e4 e5 2. Nf3 Nc6 3. d4 exd4 4. Nxd4 Bc5 5. Nxc6 Qf6 6. Qf3 bxc6 7. Nd2 Qxf3
8. gxf3 d5 9. Nb3 Bd6 10. Bd2 Ne7 11. Bc3 f6 12. O-O-O Kf7 13. h4 Be6 14. h5
1/2-1/2

[Event "Plzen, FSB A"]
[Site "?"]
[Date "2000.??.??"]
[Round "7"]
[White "Nosek, F."]
[Black "Kozak, M."]
[Result "1/2-1/2"]
[WhiteElo "2125"]
[BlackElo "2245"]
[PlyCount "23"]
[EventDate "2000.??.??"]
[Source "ChessBase"]
[SourceDate "1996.11.15"]

1. e4 e5 2. Nf3 Nc6 3. Bb5 a6 4. Bxc6 dxc6 5. O-O Qd6 6. d4 exd4 7. Nxd4 Bd7 8.
Nb3 Qxd1 9. Rxd1 O-O-O 10. Bf4 f5 11. Nc3 Bb4 12. exf5 1/2-1/2

[Event "Plzen, FSB A"]
[Site "?"]
[Date "2000.??.??"]
[Round "7"]
[White "Kovar, V."]
[Black "Palek, M."]
[Result "0-1"]
[WhiteElo "2105"]
[BlackElo "2225"]
[PlyCount "76"]
[EventDate "2000.??.??"]
[Source "ChessBase"]
[SourceDate "1996.11.15"]

1. e4 c5 2. Nf3 e6 3. Nc3 a6 4. Be2 Qc7 5. O-O b5 6. d4 cxd4 7. Nxd4 Bb7 8. Bd3
Nc6 9. Nxc6 Qxc6 10. Re1 Nf6 11. Bg5 Bb4 12. Qf3 Bxc3 13. bxc3 Qxc3 14. Rad1 h6
15. Bd2 Qc7 16. Bb4 a5 17. Ba3 b4 18. Bb2 Ke7 19. c3 e5 20. Rc1 Qb8 21. cxb4
axb4 22. Bc4 Ba6 23. Qb3 Bxc4 24. Rxc4 Rc8 25. Rxb4 Qc7 26. Rb5 Kf8 27. Bxe5
Qc6 28. h3 Ne8 29. Rb7 Rxa2 30. Rxd7 Rxf2 31. Qb4+ Kg8 32. Qe7 Qc2 33. Kh1 Rxg2
34. Qxf7+ Kh8 35. Qf3 Rg5 36. Bf4 Rg6 37. Rd2 Qc3 38. Rd3 Qxe1+ 0-1

[Event "Plzen, FSB A"]
[Site "?"]
[Date "2000.??.??"]
[Round "7"]
[White "Dvorak, T."]
[Black "Skacel, J."]
[Result "1/2-1/2"]
[WhiteElo "2220"]
[BlackElo "2030"]
[PlyCount "82"]
[EventDate "2000.??.??"]
[Source "ChessBase"]
[SourceDate "1996.11.15"]

1. e4 c5 2. Nf3 Nc6 3. d4 cxd4 4. Nxd4 Nf6 5. Nc3 e6 6. Nxc6 bxc6 7. e5 Nd5 8.
Ne4 Qc7 9. f4 f5 10. exf6 Nxf6 11. Nxf6+ gxf6 12. Qh5+ Kd8 13. Bd2 d5 14. Be2
Be7 15. O-O Rf8 16. c4 Bc5+ 17. Kh1 Qf7 18. Qf3 Rb8 19. b4 Bxb4 20. Rab1 Bd6
21. Ba5+ Ke8 22. Rxb8 Bxb8 23. cxd5 exd5 24. Qe3+ Kd7 25. Rb1 Re8 26. Qf2 Rxe2
27. Qxe2 Bd6 28. Bb4 Qg6 29. Rb2 Qf5 30. Bxd6 Kxd6 31. h3 Qxf4 32. Rb1 d4 33.
Qe8 Qf5 34. Re1 d3 35. Qd8+ Bd7 36. Qb8+ Kd5 37. Qxa7 c5 38. Qa5 Bc6 39. Qd8+
Bd7 40. Qa5 Bc6 41. Qd8+ Bd7 1/2-1/2